Globalization lived locally : (Record no. 104482)

MARC details
000 -LEADER
fixed length control field 00694nam a22002057a 4500
005 - DATE AND TIME OF LATEST TRANSACTION
control field 20161107113842.0
010 ## - LCCN (DPL NO)
LC control number ENG-116241
020 ## - INTERNATIONAL STANDARD BOOK NUMBER
International Standard Book Number 9780199463626
Terms of availability 795.00
020 ## - INTERNATIONAL STANDARD BOOK NUMBER
International Standard Book Number 019946362
Terms of availability 795.00
035 ## - SYSTEM CONTROL NUMBER
System control number EN-99773
037 ## - SOURCE OF ACQUISITION
Source of stock number/acquisition DBAD/PUB
082 ## - DEWEY DECIMAL CLASSIFICATION NUMBER
Classification number 331.12095433
100 ## - MAIN ENTRY--PERSONAL NAME
Personal name Neethi,P.
245 ## - TITLE STATEMENT
Title Globalization lived locally :
Remainder of title a lobour grography perpective /
Statement of responsibility, etc byNeethi P.
260 ## - PUBLICATION, DISTRIBUTION, ETC. (IMPRINT)
Place of publication, distribution, etc New Delhi
Name of publisher, distributor, etc Oxford University Press
Date of publication, distribution, etc 2016
270 ## - ADDRESS
Address YMCA Library Building, 1 Jai Singh Road,
City New Delhi
Postal code 110001
300 ## - PHYSICAL DESCRIPTION
Extent xvi,232p. :
Dimensions 22cm(Hb)
Other physical details ill
500 ## - GENERAL NOTE
General note Includes bibliographical references and index
942 ## - ADDED ENTRY ELEMENTS (KOHA)
Source of classification or shelving scheme Dewey Decimal Classification
Item type English Books
Call number suffix NEE
Classification part 331.12095433
Holdings
Withdrawn status Lost status Not for loan Collection code Home library Current library Date acquired Source of acquisition Cost, normal purchase price Full call number Barcode Copy number Cost, replacement price Koha item type
      Non-fiction Patel Nagar Patel Nagar 07/11/2016 DBAD/PUB 795.00 331.12095433 NEE EN-99773 1 795.00 English Books

© Delhi Public Library
Hit Counter
free hit counter